| 000 | 00743cab a2200241 4500 | ||
|---|---|---|---|
| 001 | ABS44919 | ||
| 008 | 090401t1991 xxu||||| |||| 00| 0 eng d | ||
| 035 | _a(Sirsi) u49880 | ||
| 041 | _aeng | ||
| 100 | _aFarrow, T | ||
| 245 | _aAcceleration: facing the dilemmas | ||
| 260 | _c1991 | ||
| 350 | _a0 | ||
| 490 |
_aChartered Quantity Surveyor _v13(12) August 1991, 15-16 (2) |
||
| 520 | _aWarns of the necessity for employer and contractor to be certain on what terms acceleration is to occur. | ||
| 650 | _aBUILT ENVIRONMENT-BUILDING CONTRACT FORMS | ||
| 650 | _aCOSTS | ||
| 650 | _aEXTENSION OF TIME | ||
| 650 | _aLIQUIDATED DAMAGES | ||
| 690 | _aBUILT ENVIRONMENT-BUILDING CONTRACT FORMS | ||
| 942 | _n0 | ||
| 948 | _c04/03/1997 | ||
| 999 |
_c31230 _d31230 |
||